| 000 | 00590nam a22002057a 4500 | ||
|---|---|---|---|
| 005 | 20170130164625.0 | ||
| 010 | _aENG-117027 | ||
| 020 |
_a9788184845525 _c750.00 |
||
| 035 | _aEN-100559 | ||
| 037 | _bDBAD/PUB | ||
| 082 | _a510 | ||
| 100 | _aBhatia,A.S. | ||
| 245 |
_aMorden speed maths/ _cby A.S. Bhatia |
||
| 250 | _a2nd (Rev.) | ||
| 260 |
_aNew Delhi _bRegal Publications _c2016 |
||
| 270 |
_aF-159, Rajouri Garden, _bNew Delhi _e110027 |
||
| 300 |
_aviii,184p.: _bill _c23cm(Hb) |
||
| 500 | _aIncludes bibliographical references | ||
| 942 |
_2ddc _cEN _h510 _mBHA |
||
| 999 |
_c105791 _d105791 |
||